| 000 | 00631nam a2200181Ia 4500 | ||
|---|---|---|---|
| 008 | 090123s9999 xx 000 0 und d | ||
| 082 |
_b14171 _a891.463/मराठे |
||
| 100 | _aमराठे प्रभाकर | ||
| 245 | _aधैर्य समुद्र ढवळला | ||
| 250 | _a1 | ||
| 260 | _bसरिता प्रकाशन | ||
| 300 | _a185 | ||
| 600 | _aमराठे प्रभाकर | ||
| 630 | _aधैर्य समुद्र ढवळला | ||
| 700 | _aमराठे प्रभाकर | ||
| 730 | _aधैर्य समुद्र ढवळला | ||
| 942 | _cBOOK | ||
| 999 |
_c52232 _d52232 |
||